[Event "Varennes int."]
[Site "Varennes CAN"]
[Date "2017.10.08"]
[Round "5.19"]
[White "Ouellet, Maili-Jade"]
[Black "Forget, Luc"]
[Result "1-0"]
[WhiteElo "2084"]
[BlackElo "1912"]
[WhiteFideId "-1"]
[WhiteFideId "-1"]
[PlyCount "81"]
[GameId "2160767908330199"]
[EventDate "2017.10.06"]
[EventType "swiss"]
[EventRounds "5"]
[EventCountry "CAN"]
[SourceTitle "hb 2017"]

1. d4 Nf6 2. c4 e6 3. Nc3 Bb4 4. Qc2 c5 5. dxc5 Na6 6. a3 Bxc3+ 7. Qxc3 Nxc5 8. b4 Nce4 9. Qd4 h6 10. f3 Ng5 11. h4 Ngh7 12. e4 d6 13. Be3 e5 14. Qb2 O-O 15. Rd1 Qc7 16. g4 Nxg4 17. fxg4 Bxg4 18. Rc1 f5 19. exf5 Bxf5 20. Ne2 Be4 21. Rg1 Kh8 22. Nc3 Bf3 23. Bd3 Qe7 24. Qh2 Nf6 25. Bf5 Nh5 26. Be4 Bxe4 27. Nxe4 Nf4 28. Rd1 Rad8 29. Qg3 Rf7 30. Bxa7 b5 31. Bb6 Rb8 32. Rxd6 bxc4 33. Bc5 Qb7 34. Nf2 e4 35. Bd4 Kh7 36. Qe3 Nd3+ 37. Nxd3 exd3 38. Rxg7+ Rxg7 39. Rxh6+ Kg8 40. Qe6+ Qf7 41. Rh8+ 1-0

[Event "Varennes int."]
[Site "Varennes CAN"]
[Date "2017.10.08"]
[Round "5.20"]
[White "Zotkin, Daniel"]
[Black "Martin, Steve"]
[Result "1/2-1/2"]
[WhiteElo "2039"]
[BlackElo "1947"]
[WhiteFideId "-1"]
[WhiteFideId "-1"]
[PlyCount "73"]
[GameId "2160767908330200"]
[EventDate "2017.10.06"]
[EventType "swiss"]
[EventRounds "5"]
[EventCountry "CAN"]
[SourceTitle "hb 2017"]

1. e4 g6 2. d4 Bg7 3. Be3 d6 4. Nc3 c6 5. f3 b5 6. Qd2 b4 7. Nd1 a5 8. a3 bxa3 9. Rxa3 Bb7 10. Bc4 d5 11. exd5 cxd5 12. Bb3 Nf6 13. Ne2 Nc6 14. O-O O-O 15. Nf2 e6 16. Nd3 Nd7 17. Rfa1 Nb6 18. Nc5 Ba6 19. Nxa6 Rxa6 20. Qd3 Qa8 21. Bd2 Rc8 22. Bxa5 Nc4 23. Bxc4 dxc4 24. Qc3 Qa7 25. Qxc4 Bxd4+ 26. Nxd4 Qxd4+ 27. Qxd4 Nxd4 28. Bc3 Rxa3 29. Rxa3 Nxc2 30. Ra4 Ne3 31. Ra3 Nd5 32. Kf2 Kf8 33. g3 h5 34. Ke2 Rc7 35. Kd3 Ke7 36. b4 Kd7 37. Rb3 1/2-1/2

[Event "Varennes int."]
[Site "Varennes CAN"]
[Date "2017.10.08"]
[Round "5.21"]
[White "Mahdjoubi, Abdelaziz"]
[Black "Bassel, Charaf"]
[Result "0-1"]
[WhiteElo "1775"]
[BlackElo "2083"]
[WhiteFideId "-1"]
[WhiteFideId "-1"]
[PlyCount "52"]
[GameId "2160767908330201"]
[EventDate "2017.10.06"]
[EventType "swiss"]
[EventRounds "5"]
[EventCountry "CAN"]
[SourceTitle "hb 2017"]

1. e4 e6 2. d4 c5 3. c3 d5 4. e5 Nc6 5. Nf3 Qb6 6. Bd3 Bd7 7. O-O cxd4 8. cxd4 Nxd4 9. Nbd2 Nxf3+ 10. Nxf3 Be7 11. Bg5 h6 12. Be3 Bc5 13. Bd2 a5 14. a3 a4 15. Rb1 Qa7 16. Qe2 Ne7 17. b4 Bb6 18. Rbc1 O-O 19. Nh4 Rfc8 20. Rxc8+ Rxc8 21. Qh5 Bd8 22. g4 Qd4 23. g5 Qxd3 24. gxh6 Qxd2 25. hxg7 Kxg7 26. Kh1 Rc1 0-1

[Event "Varennes int."]
[Site "Varennes CAN"]
[Date "2017.10.08"]
[Round "5.22"]
[White "Qiao, Cindy"]
[Black "Turcotte, Jonathan"]
[Result "1/2-1/2"]
[WhiteElo "1779"]
[BlackElo "1980"]
[WhiteFideId "-1"]
[WhiteFideId "-1"]
[PlyCount "45"]
[GameId "2160767908330202"]
[EventDate "2017.10.06"]
[EventType "swiss"]
[EventRounds "5"]
[EventCountry "CAN"]
[SourceTitle "hb 2017"]

1. e4 c6 2. d4 d5 3. Nc3 dxe4 4. Nxe4 Bf5 5. Ng3 Bg6 6. Nf3 Nd7 7. h4 h6 8. h5 Bh7 9. Bd3 Bxd3 10. Qxd3 e6 11. Bd2 Ngf6 12. O-O-O Be7 13. Ne4 Nxe4 14. Qxe4 Nf6 15. Qe2 Qd5 16. Kb1 Qe4 17. Qc4 b5 18. Qb3 Qd5 19. Qd3 Qe4 20. Qb3 Qd5 21. Qd3 Qe4 22. Qb3 Qd5 23. Qd3 1/2-1/2

[Event "Varennes int."]
[Site "Varennes CAN"]
[Date "2017.10.08"]
[Round "5.23"]
[White "Aubut, Jean-Philippe"]
[Black "Roy, Myriam"]
[Result "0-1"]
[WhiteElo "1046"]
[BlackElo "1977"]
[WhiteFideId "-1"]
[WhiteFideId "-1"]
[PlyCount "72"]
[GameId "2160767908330203"]
[EventDate "2017.10.06"]
[EventType "swiss"]
[EventRounds "5"]
[EventCountry "CAN"]
[SourceTitle "hb 2017"]

1. d4 d5 2. Bf4 Nf6 3. Nf3 Bf5 4. Nbd2 e6 5. e3 Be7 6. Be2 O-O 7. O-O c5 8. c3 Nc6 9. Nh4 Bg6 10. Nxg6 hxg6 11. Nf3 c4 12. Ng5 Nd7 13. h4 b5 14. Bf3 Nb6 15. Re1 Rc8 16. g3 Qd7 17. Bg4 Bxg5 18. Bxg5 a5 19. e4 dxe4 20. Rxe4 f5 21. Re1 fxg4 22. Qxg4 Rf5 23. Re2 Qf7 24. Rae1 Re8 25. Qe4 Nd5 26. f4 Qd7 27. Qf3 Nc7 28. h5 gxh5 29. Qxh5 Qf7 30. Qf3 Rxg5 31. Qxc6 Rxg3+ 32. Rg2 Rxg2+ 33. Kxg2 Nd5 34. Qxb5 Nxf4+ 35. Kh1 Qg6 36. Rg1 Qh6+ 0-1

[Event "Varennes int."]
[Site "Varennes CAN"]
[Date "2017.10.08"]
[Round "5.24"]
[White "Marin, Sam"]
[Black "Cui, Leonardo"]
[Result "1-0"]
[WhiteElo "1947"]
[BlackElo "1557"]
[WhiteFideId "-1"]
[WhiteFideId "-1"]
[PlyCount "83"]
[GameId "2160767908330204"]
[EventDate "2017.10.06"]
[EventType "swiss"]
[EventRounds "5"]
[EventCountry "CAN"]
[SourceTitle "hb 2017"]

1. c4 d6 2. d4 e5 3. d5 Nf6 4. Nc3 Nbd7 5. e4 Be7 6. Nf3 h6 7. Be2 Nf8 8. c5 a6 9. O-O g5 10. cxd6 Bxd6 11. b4 Ng6 12. Rb1 Nf4 13. Bxf4 gxf4 14. b5 Rg8 15. bxa6 bxa6 16. Nd2 Bh3 17. Bf3 Nh7 18. Kh1 Bd7 19. Nc4 Ng5 20. Bg4 Bxg4 21. Qxg4 h5 22. Qf5 Qd7 23. h4 Qxf5 24. exf5 Nh7 25. Ne4 Rd8 26. f3 Be7 27. Nxe5 Rxd5 28. Rb8+ Bd8 29. Nc6 Kd7 30. Rc1 Re8 31. Nb4 Rxe4 32. fxe4 Rd6 33. Nc6 Bf6 34. e5 Rxc6 35. Rxc6 Kxc6 36. exf6 Nxf6 37. Rf8 Ng4 38. Rxf7 a5 39. Rh7 Nf2+ 40. Kg1 Ne4 41. Re7 Nc3 42. f6 1-0

[Event "Varennes int."]
[Site "Varennes CAN"]
[Date "2017.10.08"]
[Round "5.25"]
[White "Langlois-Remillard, Alexis"]
[Black "Blanchette, Rene"]
[Result "1-0"]
[WhiteElo "1891"]
[BlackElo "1758"]
[WhiteFideId "-1"]
[WhiteFideId "-1"]
[PlyCount "91"]
[GameId "2160767908330205"]
[EventDate "2017.10.06"]
[EventType "swiss"]
[EventRounds "5"]
[EventCountry "CAN"]
[SourceTitle "hb 2017"]

1. b3 d5 2. Bb2 c5 3. e3 Nc6 4. Bb5 Bf5 5. Nf3 e6 6. Ne5 Qc7 7. g4 Bg6 8. h4 f6 9. Bxc6+ bxc6 10. Nxg6 hxg6 11. Qe2 Bd6 12. Nc3 g5 13. h5 Nh6 14. O-O-O e5 15. f3 O-O 16. Na4 a5 17. c4 Rfe8 18. Ba3 Qe7 19. cxd5 cxd5 20. Nb6 c4 21. Bxd6 Qxd6 22. Nxa8 Qa3+ 23. Kb1 cxb3 24. d3 bxa2+ 25. Ka1 Rxa8 26. Qxa2 Qc3+ 27. Qb2 Qc6 28. Rc1 Qd6 29. Rc3 d4 30. exd4 Qxd4 31. Rhc1 Rd8 32. Rb3 Kh7 33. Qxd4 Rxd4 34. Rc7 f5 35. Rbb7 Ra4+ 36. Kb2 Rb4+ 37. Rxb4 axb4 38. gxf5 Nxf5 39. Rc5 Nd4 40. Rxe5 Nxf3 41. Re4 Kh6 42. d4 Nd2 43. Re2 Nc4+ 44. Kb3 Nd6 45. Re6+ Kxh5 46. Rxd6 1-0

[Event "Varennes int."]
[Site "Varennes CAN"]
[Date "2017.10.08"]
[Round "5.26"]
[White "Drolet, Stephane"]
[Black "Palsson, Halldor"]
[Result "1-0"]
[WhiteElo "2076"]
[BlackElo "1912"]
[WhiteFideId "-1"]
[WhiteFideId "-1"]
[PlyCount "63"]
[GameId "2160767908330206"]
[EventDate "2017.10.06"]
[EventType "swiss"]
[EventRounds "5"]
[EventCountry "CAN"]
[SourceTitle "hb 2017"]

1. d4 d5 2. Nf3 e6 3. c4 c6 4. Qc2 f5 5. g3 Nf6 6. Bg2 Bd6 7. O-O O-O 8. b3 Qe7 9. Bb2 b6 10. Nbd2 Bb7 11. Ne5 Rc8 12. Rac1 Nbd7 13. f3 c5 14. Nxd7 Nxd7 15. e4 cxd4 16. exd5 Bxd5 17. Bxd4 f4 18. g4 e5 19. Bc3 Bc5+ 20. Kh1 Bb7 21. Rfe1 Be3 22. Rcd1 Rc6 23. Nf1 Bc5 24. Qf5 Re6 25. g5 Rf8 26. Qg4 e4 27. Bh3 Rd6 28. Rxd6 Qxd6 29. Qxd7 Qxd7 30. Bxd7 Rd8 31. Be6+ Kf8 32. fxe4 1-0

[Event "Varennes int. U1700"]
[Site "Varennes CAN"]
[Date "2017.10.07"]
[Round "3"]
[White "Labadie, Bernard"]
[Black "Blais, Georges"]
[Result "1/2-1/2"]
[WhiteElo "1345"]
[BlackElo "1413"]
[WhiteFideId "-1"]
[WhiteFideId "-1"]
[PlyCount "94"]
[GameId "2160767908330207"]
[EventDate "2017.10.06"]
[EventType "swiss"]
[EventRounds "5"]
[EventCountry "CAN"]

1. Nf3 Nf6 2. d4 d6 3. c4 c5 4. dxc5 Qa5+ 5. Nc3 Qxc5 6. e3 g6 7. h3 Bg7 8. Bd3 O-O 9. O-O Bd7 10. Rb1 a5 11. Nd4 Nc6 12. Ndb5 Ne5 13. Na4 Qc6 14. b3 Nxd3 15. Nd4 Qc7 16. Qxd3 Bxa4 17. bxa4 Nd7 18. Ba3 b6 19. Rfc1 Rfb8 20. Qe4 Nc5 21. Qc2 Qd7 22. Nb5 Qc6 23. Bb2 Bxb2 24. Rxb2 Nd7 25. Nd4 Qc7 26. Nb5 Qc6 27. Nc3 Qxc4 28. Qd1 Qe6 29. Nd5 Qe5 30. Rc7 Qxb2 31. Nxe7+ Kg7 32. Rxd7 Rd8 33. Rb7 Qf6 34. Nd5 Qg5 35. Qd4+ Qe5 36. Qd1 Kf8 37. Qf3 Qg7 38. Nc7 Qa1+ 39. Kh2 Qe5+ 40. g3 Rab8 41. Ra7 Rd7 42. Qc6 Qf5 43. Kg2 Rdd8 44. Nb5 Qc5 45. Qf3 Qf5 46. Qc6 Qc5 47. Qf3 Qf5 1/2-1/2

[Event "Varennes int. U1700"]
[Site "Varennes CAN"]
[Date "2017.10.08"]
[Round "4"]
[White "Blais, Georges"]
[Black "Grandmaison, Real"]
[Result "1-0"]
[WhiteElo "1413"]
[BlackElo "1345"]
[WhiteFideId "-1"]
[WhiteFideId "-1"]
[PlyCount "99"]
[GameId "2160767908330208"]
[EventDate "2017.10.06"]
[EventType "swiss"]
[EventRounds "5"]
[EventCountry "CAN"]

1. Nf3 e6 2. b3 Nf6 3. Bb2 Nc6 4. c4 d6 5. g3 Be7 6. Bg2 O-O 7. O-O Re8 8. d4 d5 9. Nbd2 a6 10. Ne5 Nxe5 11. dxe5 Nh5 12. e3 g6 13. Qc2 c6 14. Rad1 Qb6 15. Nf3 Rd8 16. Rc1 Ng7 17. c5 Qc7 18. Rfd1 Bd7 19. Nd2 Rab8 20. e4 b5 21. cxb6 Qxb6 22. Nf1 Ne8 23. Bd4 Qb7 24. Bc5 Bf8 25. Ne3 Qb5 26. Bxf8 Kxf8 27. Ng4 h5 28. Nf6 d4 29. Nxd7+ Rxd7 30. Qxc6 Qxc6 31. Rxc6 d3 32. Rd2 Nc7 33. Bf1 Rbd8 34. Rc3 Nb5 35. Rcxd3 Rxd3 36. Rxd3 Rxd3 37. Bxd3 Nc3 38. a4 a5 39. Kf1 Na2 40. Ke1 Nb4 41. Kd2 Nc6 42. f4 Nd4 43. Kc3 Nf3 44. Be2 Nxh2 45. Kc4 Ke7 46. Kb5 f6 47. exf6+ Kxf6 48. Kxa5 e5 49. Kb6 exf4 50. gxf4 1-0

[Event "Victoria-Vancouver m"]
[Site "Victoria CAN"]
[Date "2017.01.13"]
[Round "1.1"]
[White "Gansvind, Valeriya"]
[Black "Doknjas, John"]
[Result "1/2-1/2"]
[WhiteElo "2251"]
[BlackElo "2275"]
[WhiteFideId "-1"]
[WhiteFideId "-1"]
[PlyCount "114"]
[GameId "2160767908478954"]
[EventDate "2017.01.13"]
[EventType "team-match"]
[EventRounds "5"]
[EventCountry "CAN"]
[SourceTitle "EXT 2022"]
[Source "ChessBase"]
[SourceDate "2021.10.06"]
[SourceVersion "1"]
[SourceVersionDate "2021.10.06"]
[SourceQuality "1"]
[WhiteTeam "Victoria"]
[BlackTeam "Vancouver"]
[WhiteTeamCountry "CAN"]
[BlackTeamCountry "CAN"]

1. b3 d5 2. Bb2 Nf6 3. e3 Bf5 4. f4 e6 5. Nf3 Nbd7 6. Be2 Bd6 7. O-O O-O 8. Qc1 Bg4 9. Nc3 a6 10. Qe1 c6 11. Nd1 Bxf3 12. Rxf3 e5 13. fxe5 Bxe5 14. Bxe5 Nxe5 15. Rf5 Ng6 16. c3 Ne4 17. Nb2 Qd7 18. Rf3 Rae8 19. Nd3 c5 20. Rd1 f5 21. Rf1 d4 22. Bh5 dxc3 23. dxc3 Qe7 24. Bxg6 hxg6 25. Nf4 Qf6 26. Nd5 Qe5 27. c4 Nf6 28. Rf3 Ng4 29. Qg3 b5 30. h3 Qxg3 31. Rxg3 Ne5 32. cxb5 axb5 33. Nc7 Rd8 34. Rxd8 Rxd8 35. Nxb5 Rd1+ 36. Kh2 Rd2 37. Nc3 Rc2 38. Nd5 Rxa2 39. e4 fxe4 40. Re3 Nf3+ 41. Kg3 Nd2 42. Kf4 Ra3 43. Re2 Nxb3 44. Rxe4 Nd4 45. Re8+ Kh7 46. Rc8 Ra2 47. Ne3 Ra6 48. Ke4 Re6+ 49. Kd3 Re5 50. Ng4 Rf5 51. Ne3 Rg5 52. g4 Re5 53. Nc4 Rd5 54. Ke4 Rd7 55. Rxc5 Ne6 56. Re5 Rd4+ 57. Kf3 Rxc4 1/2-1/2

[Event "Victoria-Vancouver m"]
[Site "Victoria CAN"]
[Date "2017.01.13"]
[Round "1.2"]
[White "Wu, Howard"]
[Black "Doknjas, Joshua"]
[Result "0-1"]
[WhiteElo "2200"]
[BlackElo "2222"]
[WhiteFideId "-1"]
[WhiteFideId "-1"]
[PlyCount "68"]
[GameId "2160767908478955"]
[EventDate "2017.01.13"]
[EventType "team-match"]
[EventRounds "5"]
[EventCountry "CAN"]
[SourceTitle "EXT 2022"]
[Source "ChessBase"]
[SourceDate "2021.10.06"]
[SourceVersion "1"]
[SourceVersionDate "2021.10.06"]
[SourceQuality "1"]
[WhiteTeam "Victoria"]
[BlackTeam "Vancouver"]
[WhiteTeamCountry "CAN"]
[BlackTeamCountry "CAN"]

1. e4 c5 2. Nf3 d6 3. d4 cxd4 4. Nxd4 Nf6 5. Nc3 a6 6. Bg5 Nbd7 7. f4 Qc7 8. Qf3 b5 9. O-O-O Bb7 10. Bd3 g6 11. Rhe1 Bg7 12. Nd5 Nxd5 13. exd5 Nf6 14. Nc6 e6 15. f5 O-O 16. fxe6 fxe6 17. Qh3 e5 18. Be4 Bxc6 19. Qe6+ Rf7 20. dxc6 Nxe4 21. Rxe4 Qxc6 22. Rf1 Qd7 23. Qd5 Qb7 24. Qe6 Raf8 25. Re2 Qc8 26. Qd5 Qg4 27. Rxf7 Rxf7 28. Rf2 Qxg5+ 29. Kd1 Qe7 30. Ke2 Bf6 31. Qa8+ Kg7 32. Qxa6 Qc7 33. Qxb5 Qxc2+ 34. Ke1 Bh4 0-1

[Event "Victoria-Vancouver m"]
[Site "Victoria CAN"]
[Date "2017.01.13"]
[Round "1.3"]
[White "Moore, Harry"]
[Black "Barranco, Francisco"]
[Result "0-1"]
[WhiteElo "2196"]
[BlackElo "2109"]
[WhiteFideId "-1"]
[WhiteFideId "-1"]
[PlyCount "118"]
[GameId "2160767908478956"]
[EventDate "2017.01.13"]
[EventType "team-match"]
[EventRounds "5"]
[EventCountry "CAN"]
[SourceTitle "EXT 2022"]
[Source "ChessBase"]
[SourceDate "2021.10.06"]
[SourceVersion "1"]
[SourceVersionDate "2021.10.06"]
[SourceQuality "1"]
[WhiteTeam "Victoria"]
[BlackTeam "Vancouver"]
[WhiteTeamCountry "CAN"]
[BlackTeamCountry "CAN"]

1. Nf3 c5 2. c4 Nc6 3. Nc3 g6 4. e3 Bg7 5. d4 Nf6 6. d5 Nb8 7. e4 d6 8. h3 O-O 9. Bd3 e6 10. O-O exd5 11. exd5 Na6 12. Bg5 Qd7 13. Qd2 Nc7 14. a4 b6 15. Bh6 Bb7 16. b3 a6 17. Bxg7 Kxg7 18. Qb2 Kg8 19. b4 Rab8 20. bxc5 bxc5 21. Qd2 Kg7 22. Nh4 h6 23. f4 Rg8 24. Rf3 Bc8 25. Rg3 Nh5 26. Rg4 Nf6 27. Rg3 Nh5 28. Re3 f5 29. Rae1 Re8 30. Rxe8 Nxe8 31. Re6 Nhf6 32. Qe3 Rb7 33. Qg3 Qf7 34. Bxf5 Bxe6 35. dxe6 Qc7 36. Qxg6+ Kf8 37. Qxh6+ Qg7 38. Qxg7+ Kxg7 39. g4 Rb3 40. Nd5 Rxh3 41. Ng2 Nxd5 42. cxd5 Nc7 43. Be4 Ra3 44. Nh4 Rg3+ 45. Kf2 Rxg4 46. Nf5+ Kf6 47. Kf3 Rg1 48. Nxd6 Rf1+ 49. Kg4 Rg1+ 50. Kf3 Rf1+ 51. Ke3 Rd1 52. f5 Nxd5+ 53. Bxd5 Rxd5 54. Ne8+ Ke7 55. Nc7 Rxf5 56. Kd3 Rf3+ 57. Kc4 Ra3 58. Nxa6 Rxa4+ 59. Kb5 Rxa6 0-1

[Event "Victoria-Vancouver m"]
[Site "Victoria CAN"]
[Date "2017.01.13"]
[Round "1.4"]
[White "Richardson, Kai"]
[Black "Sali, Zulfikar"]
[Result "1-0"]
[WhiteElo "2060"]
[BlackElo "2120"]
[WhiteFideId "-1"]
[WhiteFideId "-1"]
[PlyCount "111"]
[GameId "2160767908478957"]
[EventDate "2017.01.13"]
[EventType "team-match"]
[EventRounds "5"]
[EventCountry "CAN"]
[SourceTitle "EXT 2022"]
[Source "ChessBase"]
[SourceDate "2021.10.06"]
[SourceVersion "1"]
[SourceVersionDate "2021.10.06"]
[SourceQuality "1"]
[WhiteTeam "Vancouver"]
[BlackTeam "Victoria"]
[WhiteTeamCountry "CAN"]
[BlackTeamCountry "CAN"]

1. d4 Nf6 2. c4 g6 3. Nc3 Bg7 4. e4 O-O 5. Nf3 d6 6. Be2 e5 7. d5 Nbd7 8. Bg5 h6 9. Bh4 a6 10. Nd2 Qe8 11. O-O Kh8 12. Nb3 b6 13. a4 Nc5 14. f3 Nh5 15. a5 Bd7 16. axb6 cxb6 17. Nxc5 bxc5 18. Ra5 Nf4 19. Qa1 Qb8 20. Rb1 Bc8 21. Bf1 f5 22. Bf2 g5 23. exf5 Bxf5 24. Ne4 g4 25. Rxa6 Rxa6 26. Qxa6 gxf3 27. gxf3 Qb3 28. Qa3 Qc2 29. Re1 Rg8 30. Bg3 Bxe4 31. fxe4 Rb8 32. Qa6 Nh5 33. Qxd6 Rxb2 34. Re2 Qc1 35. Rxb2 Qxb2 36. Qxc5 Nxg3 37. hxg3 Qc3 38. Qc8+ Kh7 39. Qf5+ Kg8 40. Qg4 Qd4+ 41. Kh2 h5 42. Qc8+ Bf8 43. Bg2 Kg7 44. Qd7+ Kg6 45. Qf5+ Kg7 46. Qg5+ Kf7 47. Qxh5+ Kf6 48. Qf5+ Kg7 49. g4 Bc5 50. g5 Qg1+ 51. Kh3 Qe3+ 52. Kh4 Qe1+ 53. Kh5 Qe2+ 54. Qf3 Qxc4 55. Qf6+ Kg8 56. Kg6 1-0

[Event "Victoria-Vancouver m"]
[Site "Victoria CAN"]
[Date "2017.01.13"]
[Round "1.5"]
[White "Su, Michael"]
[Black "Patterson, Roger"]
[Result "0-1"]
[WhiteElo "1940"]
[BlackElo "2077"]
[WhiteFideId "-1"]
[WhiteFideId "-1"]
[PlyCount "86"]
[GameId "2160767908478958"]
[EventDate "2017.01.13"]
[EventType "team-match"]
[EventRounds "5"]
[EventCountry "CAN"]
[SourceTitle "EXT 2022"]
[Source "ChessBase"]
[SourceDate "2021.10.06"]
[SourceVersion "1"]
[SourceVersionDate "2021.10.06"]
[SourceQuality "1"]
[WhiteTeam "Vancouver"]
[BlackTeam "Victoria"]
[WhiteTeamCountry "CAN"]
[BlackTeamCountry "CAN"]

1. d4 d5 2. Nf3 Nf6 3. e3 Bf5 4. c4 c6 5. Qb3 Qc7 6. Nc3 e6 7. Nh4 Bg4 8. h3 Bh5 9. g4 Bg6 10. Nxg6 hxg6 11. Bg2 Nbd7 12. Bd2 Be7 13. Rc1 Qb6 14. O-O O-O 15. Rfd1 Qxb3 16. axb3 g5 17. e4 Nxe4 18. Bxe4 dxe4 19. Nxe4 f6 20. Re1 Rfd8 21. Ng3 Nf8 22. Bc3 Kf7 23. Re2 Ng6 24. Nh5 Bd6 25. f3 e5 26. dxe5 Nxe5 27. Kg2 g6 28. Ng3 Nd3 29. Rce1 Nf4+ 30. Kh2 Nxe2 31. Rxe2 Re8 32. Rd2 Rad8 33. Kg2 Bxg3 34. Rxd8 Rxd8 35. Kxg3 b5 36. cxb5 cxb5 37. b4 Ke6 38. h4 gxh4+ 39. Kxh4 Rd3 40. g5 fxg5+ 41. Kxg5 Rxf3 42. Kxg6 Rg3+ 43. Kh5 Rxc3 0-1

[Event "Victoria-Vancouver m"]
[Site "Victoria CAN"]
[Date "2017.01.14"]
[Round "2.1"]
[White "Doknjas, Joshua"]
[Black "Gansvind, Valeriya"]
[Result "1/2-1/2"]
[WhiteElo "2222"]
[BlackElo "2251"]
[WhiteFideId "-1"]
[WhiteFideId "-1"]
[PlyCount "46"]
[GameId "2160767908478959"]
[EventDate "2017.01.13"]
[EventType "team-match"]
[EventRounds "5"]
[EventCountry "CAN"]
[SourceTitle "EXT 2022"]
[Source "ChessBase"]
[SourceDate "2021.10.06"]
[SourceVersion "1"]
[SourceVersionDate "2021.10.06"]
[SourceQuality "1"]
[WhiteTeam "Vancouver"]
[BlackTeam "Victoria"]
[WhiteTeamCountry "CAN"]
[BlackTeamCountry "CAN"]

1. e4 c5 2. Nf3 e6 3. c3 d5 4. exd5 Qxd5 5. d4 cxd4 6. cxd4 Nf6 7. Nc3 Qa5 8. Bd3 Nc6 9. O-O Be7 10. Bc4 O-O 11. a3 a6 12. Bb3 Rd8 13. Be3 Qh5 14. Ne2 Nd5 15. Ng3 Nxe3 16. fxe3 Qh6 17. Qe2 Bd7 18. e4 Na5 19. Bc2 Bb5 20. Bd3 Bxd3 21. Qxd3 Rac8 22. b4 Nc4 23. Rfe1 b5 1/2-1/2

[Event "Victoria-Vancouver m"]
[Site "Victoria CAN"]
[Date "2017.01.14"]
[Round "2.2"]
[White "Barranco, Francisco"]
[Black "Wu, Howard"]
[Result "1-0"]
[WhiteElo "2109"]
[BlackElo "2200"]
[WhiteFideId "-1"]
[WhiteFideId "-1"]
[PlyCount "142"]
[GameId "2160767908478960"]
[EventDate "2017.01.13"]
[EventType "team-match"]
[EventRounds "5"]
[EventCountry "CAN"]
[SourceTitle "EXT 2022"]
[Source "ChessBase"]
[SourceDate "2021.10.06"]
[SourceVersion "1"]
[SourceVersionDate "2021.10.06"]
[SourceQuality "1"]
[WhiteTeam "Vancouver"]
[BlackTeam "Victoria"]
[WhiteTeamCountry "CAN"]
[BlackTeamCountry "CAN"]

1. d4 Nf6 2. Nf3 g6 3. c4 Bg7 4. Nc3 O-O 5. e4 d6 6. h3 e5 7. d5 Nbd7 8. Be3 Nc5 9. Nd2 a5 10. g4 Bd7 11. Be2 b6 12. h4 Ne8 13. h5 f5 14. hxg6 hxg6 15. gxf5 gxf5 16. exf5 Bxf5 17. Bxc5 dxc5 18. Nde4 Nd6 19. Bd3 Nxe4 20. Bxe4 Bxe4 21. Nxe4 Rf4 22. Qd3 Qd7 23. O-O-O Qf5 24. Rde1 Rd8 25. Qh3 Rf8 26. Qxf5 R8xf5 27. Rh3 Rf3 28. Rxf3 Rxf3 29. Kd2 Bh6+ 30. Ke2 Rf4 31. f3 Rh4 32. Rg1+ Kf7 33. Rg2 a4 34. Kd3 Rh1 35. Nc3 Rf1 36. Ke4 Kf6 37. Re2 Bf4 38. Rg2 Rc1 39. Re2 a3 40. Kd3 axb2 41. Rxb2 Rf1 42. Rf2 Re1 43. Nb5 Ke7 44. Re2 Rd1+ 45. Ke4 Kd8 46. Rg2 Ke7 47. Kf5 Kf7 48. Nxc7 Rd3 49. Ne6 Rxf3 50. Rg7+ Ke8 51. Rb7 Bh2+ 52. Ke4 Rc3 53. d6 Rxc4+ 54. Kd5 Rd4+ 55. Nxd4 exd4 56. Rxb6 d3 57. Rb1 Kd7 58. Kxc5 Bxd6+ 59. Kd4 d2 60. Kd3 Kc6 61. Kxd2 Bc5 62. Kc3 Bb6 63. Kc4 Kb7 64. Kb5 Be3 65. Rh1 Bd4 66. Rh7+ Kb8 67. a4 Be5 68. Ka6 Bd4 69. Rb7+ Kc8 70. Rb4 Be3 71. Re4 Bf2 1-0

[Event "Victoria-Vancouver m"]
[Site "Victoria CAN"]
[Date "2017.01.14"]
[Round "2.5"]
[White "Patterson, Roger"]
[Black "Doknjas, John"]
[Result "1/2-1/2"]
[WhiteElo "2077"]
[BlackElo "2275"]
[WhiteFideId "-1"]
[WhiteFideId "-1"]
[PlyCount "69"]
[GameId "2160767908478962"]
[EventDate "2017.01.13"]
[EventType "team-match"]
[EventRounds "5"]
[EventCountry "CAN"]
[SourceTitle "EXT 2022"]
[Source "ChessBase"]
[SourceDate "2021.10.06"]
[SourceVersion "1"]
[SourceVersionDate "2021.10.06"]
[SourceQuality "1"]
[WhiteTeam "Victoria"]
[BlackTeam "Vancouver"]
[WhiteTeamCountry "CAN"]
[BlackTeamCountry "CAN"]

1. c4 c5 2. g3 Nc6 3. Bg2 g6 4. Nf3 Bg7 5. Nc3 d6 6. O-O Bf5 7. e4 Bg4 8. h3 Bxf3 9. Bxf3 Qd7 10. Bg2 e6 11. d3 Nge7 12. Be3 O-O 13. Qd2 Rab8 14. Rad1 Nd4 15. Kh1 Nec6 16. f4 b5 17. cxb5 Nxb5 18. f5 exf5 19. exf5 gxf5 20. Bh6 Ne7 21. Nd5 Ng6 22. Bxg7 Kxg7 23. Qg5 f6 24. Qxf5 Qxf5 25. Rxf5 Nd4 26. Rf2 f5 27. Kh2 Rbe8 28. b4 cxb4 29. Nxb4 f4 30. gxf4 Rxf4 31. Rdf1 Rxf2 32. Rxf2 Re1 33. Be4 Ne5 34. Nd5 Re2 35. Kg2 1/2-1/2

[Event "Victoria-Vancouver m"]
[Site "Victoria CAN"]
[Date "2017.01.14"]
[Round "3.1"]
[White "Gansvind, Valeriya"]
[Black "Barranco, Francisco"]
[Result "1-0"]
[WhiteElo "2251"]
[BlackElo "2109"]
[WhiteFideId "-1"]
[WhiteFideId "-1"]
[PlyCount "127"]
[GameId "2160767908478963"]
[EventDate "2017.01.13"]
[EventType "team-match"]
[EventRounds "5"]
[EventCountry "CAN"]
[SourceTitle "EXT 2022"]
[Source "ChessBase"]
[SourceDate "2021.10.06"]
[SourceVersion "1"]
[SourceVersionDate "2021.10.06"]
[SourceQuality "1"]
[WhiteTeam "Victoria"]
[BlackTeam "Vancouver"]
[WhiteTeamCountry "CAN"]
[BlackTeamCountry "CAN"]

1. d4 Nf6 2. Bg5 Ne4 3. Bf4 e6 4. f3 Bd6 5. Bxd6 Nxd6 6. e3 f5 7. Qd2 b6 8. Nh3 Bb7 9. Nf2 Qf6 10. Nc3 Nc6 11. O-O-O O-O 12. e4 fxe4 13. Nfxe4 Nxe4 14. Nxe4 Qf4 15. Bb5 a6 16. Qxf4 Rxf4 17. Bxc6 Bxc6 18. Nf2 Re8 19. Rhe1 d6 20. Re3 Kf7 21. Rc3 Bd5 22. Rxc7+ Re7 23. Rxe7+ Kxe7 24. b3 h5 25. c3 g5 26. Nd3 Rf5 27. Rd2 Bb7 28. c4 a5 29. Kb2 Rf8 30. Re2 Kd7 31. Rd2 Kc7 32. a3 Rf5 33. b4 axb4 34. axb4 Bc6 35. Kc3 Bb7 36. Re2 Kd7 37. b5 Ba8 38. Kb4 Rf6 39. c5 Bd5 40. cxb6 Kc8 41. Rc2+ Kb7 42. Ka5 Rf7 43. Nb4 Bb3 44. Rc3 Bd1 45. Na6 h4 46. Rc7+ Rxc7 47. Nxc7 e5 48. Ne8 exd4 49. Nxd6+ Kb8 50. Kb4 Be2 51. Ne4 Kb7 52. Nxg5 Kxb6 53. f4 Bxb5 54. Nf3 d3 55. Kc3 h3 56. g3 Kc5 57. Ng5 Kd5 58. Kd2 Bd7 59. Kxd3 Bf5+ 60. Ke3 Bg4 61. Ne4 Bf5 62. Nf2 Bd7 63. g4 Bc8 64. Kf3 1-0